Menyingkap tabir ketuhanan
| Main Author: | |
|---|---|
| Corporate Author: | |
| Format: | Book |
| Published: |
Singapura :
Singapura Nasional Pte Ltd ,
1998
|
| Subjects: |
MARC
| LEADER | 00000cam a2200000 7i4500 | ||
|---|---|---|---|
| 001 | 0000012579 | ||
| 005 | 20071224.0 | ||
| 008 | 071224 | ||
| 020 | |a 9971773686 | ||
| 090 | 0 | 0 | |a 297.211 |b ABB |
| 100 | 0 | |a Abbas Jamal | |
| 245 | 1 | 0 | |a Menyingkap tabir ketuhanan |c Abbas Jamal |
| 260 | |a Singapura : |b Singapura Nasional Pte Ltd , |c 1998 | ||
| 650 | 0 | |a God (Islam) | |
| 650 | 0 | |a Islamic |x Doctrines | |
| 710 | 0 | |a Title | |
| 999 | |a 0001006772 |b Book |c Adult Collection |e Perbadanan Perpustakaan Awam Johor | ||
| 999 | |a 0001006773 |b Book |c Adult Collection |e Perbadanan Perpustakaan Awam Johor | ||